000
00317nam a2200121 a 4500
001
4144
005
20140414131957.0
008
090317s19uu xx 00 eng d
050
_a
TR 649.123
_b
W15 2003
100
_a
Wallis, Michelle
245
_a
A Parent's guide to preparing your child for school.
999
_c
112973
_d
112973